Microprocessors & Interfacing (Record no. 4739)

MARC details
000 -LEADER
fixed length control field 00406nam a22001697a 4500
005 - DATE AND TIME OF LATEST TRANSACTION
control field 20180131121426.0
008 - FIXED-LENGTH DATA ELEMENTS--GENERAL INFORMATION
fixed length control field 160629b xxu||||| |||| 00| 0 eng d
020 ## - INTERNATIONAL STANDARD BOOK NUMBER
ISBN 81-89757-27-X
041 ## - LANGUAGE CODE
Language code of text/sound track or separate title eng
082 ## - DEWEY DECIMAL CLASSIFICATION NUMBER
Classification number 004.16
100 ## - MAIN ENTRY--AUTHOR NAME
Personal name Marriwala, Nikhil
245 ## - TITLE STATEMENT
Title Microprocessors & Interfacing
260 ## - PUBLICATION, DISTRIBUTION, ETC. (IMPRINT)
Name of publisher Katson
Year of publication 2011
300 ## - PHYSICAL DESCRIPTION
Number of Pages 838
650 ## - SUBJECT ADDED ENTRY--TOPICAL TERM
Topical Term Information Technology
942 ## - ADDED ENTRY ELEMENTS (KOHA)
Koha item type Books
Holdings
Lost status Damaged status Home library Current library Shelving location Date acquired Cost, normal purchase price Full call number Accession Number Koha item type Collection code Source of acquisition
    JRU Library   Shelf - 26- K 29/06/2016 410.00 13245 12745 Books    
    JRU Library   SHELF-1-G 29/06/2016 410.00 13245 12746 Books    
    JRU Library   Shelf - 26- K 29/06/2016 410.00 13245 12747 Books    
    JRU Library   SHELF-31-D 29/06/2016 410.00 13245 12748 Books Reference  
    JRU Library   SHELF-1-G 29/06/2016 410.00 13245 12749 Books    
    JRU Library   SHELF-31-D 29/06/2016 410.00 13245 12750 Books Reference  
    JRU Library JRU Library SHELF-74-J 29/06/2016 410.00 13245 12751 Books CS/IT  
    JRU Library JRU Library SHELF-48-I 29/06/2016 410.00 004.16 12752 Books CS/IT  
    JRU Library   Shelf - 26- I 29/06/2016 410.00 13245 12753 Books    
    JRU Library   Shelf - 26- M 29/06/2016 410.00 13245 12754 Books    
    JRU Library   Shelf - 26- M 29/06/2016 410.00 13245 12755 Books    
    JRU Library   SHELF-31-D 29/06/2016 410.00 13245 12756 Books Reference  
    JRU Library JRU Library SHELF-48-I 29/06/2016 410.00 004.16 12757 Books CS/IT PURCHASE
    JRU Library   Shelf - 26- M 29/06/2016 410.00 13245 12758 Books    
    JRU Library   Shelf - 27- N 29/06/2016 410.00 13245 12759 Books    
    JRU Library JRU Library SHELF-48-I 29/06/2016 410.00 004.16 12760 Books CS/IT PURCHASE
    JRU Library   Shelf - 26- J 29/06/2016 410.00 13245 12761 Books